Avaliacao e acoes prioritarias para a conservacao da biodiversidade das zonas costeira e marinha / (Registro nro. 3763)
[ vista simple ]
| 000 -CABECERA | |
|---|---|
| Campo de control | 01418cam a22003137a 4500 |
| 005 - FECHA Y HORA DE LA ULTIMA TRANSACCION | |
| Campo de control | 20160115091801.0 |
| 008 - ELEMENTOS DE LONGITUD FIJA—INFORMACION GENERAL | |
| Campo de control | 051216s2002 bl ab f000 0 por d |
| 020 ## - ISBN | |
| ISBN | 8587166379 |
| 040 ## - FUENTE DE CATALOGACIÓN | |
| Agencia catalogadora original | FUG |
| Agencia transcriptora | FUG |
| Agencia Modificadora | OCLCQ |
| -- | TJC |
| -- | CO-BoIAVH |
| 041 ## - IDIOMA | |
| Código de idioma para texto/pista de sonido o título separado | Portugués |
| 042 ## - AUTHENTICATION CODE | |
| Authentication code | lccopycat |
| -- | lcode |
| 044 ## - PAÍS DE PUBLICACIÓN | |
| País de publicación | Brasil |
| 082 00 - NUMERO DE CLASIFICACION DECIMAL DEWEY | |
| Número de clasificación | 333.75160981 |
| Número del ítem | A94a |
| 245 00 - MENCION DE TITULO | |
| Título | Avaliacao e acoes prioritarias para a conservacao da biodiversidade das zonas costeira e marinha / |
| Mención de responsabilidad | Ministerio do Meio Ambiente ; Fundacao Bio-Rio [texto ... et al.]. |
| 246 15 - FORMA VARIANTE DEL TITULO | |
| Título propiamente dicho/forma breve del título | Sumario executivo : |
| Parte restante del título | avaliacao e acoes prioritarias para a conservacao da biodiversidade das zonas costeira e marinha |
| 260 ## - PUBLICACION, DISTRIBUCION, ETC. (PIE DE IMPRENTA) | |
| Lugar de publicación, distribución, etc. | [Brasilia] : |
| Nombre del editor, distribuidor, etc. | Ministerio do Meio Ambiente, Secretaria de Biodiversidade e Florestas, |
| Fecha de publicación, distribución, etc. | [2002] |
| 300 ## - DESCRIPCION FISICA | |
| Extensión | 72 paginas. : |
| Otros detalles físicos | ilustraciones, mapas ; |
| Dimensiones | 30 cm. |
| Material acompañante | 1 Mapa |
| 500 ## - NOTA GENERAL | |
| Nota general | Cover title. |
| 500 ## - NOTA GENERAL | |
| Nota general | Mapa de brasil |
| 650 #0 - ASIENTO SECUNDARIO DE MATERIA - TERMINO TEMATICO | |
| Término temático o nombre geográfico como elemento de entrada | Coastal ecology |
| Subdivisión geográfica | Brazil |
| -- | Atlantic Coast. |
| 9 (RLIN) | 51441 |
| 650 #0 - ASIENTO SECUNDARIO DE MATERIA - TERMINO TEMATICO | |
| Término temático o nombre geográfico como elemento de entrada | Ecologia costera |
| Subdivisión cronológica | Brasil |
| 9 (RLIN) | 51442 |
| 650 #0 - ASIENTO SECUNDARIO DE MATERIA - TERMINO TEMATICO | |
| Término temático o nombre geográfico como elemento de entrada | Conservación de biodiversidad |
| Subdivisión cronológica | Brasil |
| 9 (RLIN) | 51443 |
| 650 #0 - ASIENTO SECUNDARIO DE MATERIA - TERMINO TEMATICO | |
| Término temático o nombre geográfico como elemento de entrada | Biodiversity conservation |
| Subdivisión geográfica | Brazil |
| -- | Atlantic Coast. |
| 9 (RLIN) | 51444 |
| 650 #0 - ASIENTO SECUNDARIO DE MATERIA - TERMINO TEMATICO | |
| Término temático o nombre geográfico como elemento de entrada | Coastal zone management |
| Subdivisión general | Government policy |
| Subdivisión geográfica | Brazil |
| -- | Atlantic Coast. |
| 9 (RLIN) | 51445 |
| 650 #0 - ASIENTO SECUNDARIO DE MATERIA - TERMINO TEMATICO | |
| Término temático o nombre geográfico como elemento de entrada | Manejo de la zona costera |
| Subdivisión geográfica | brasil |
| 9 (RLIN) | 51446 |
| 710 2# - ASIENTO SECUNDARIO - NOMBRE CORPORATIVO | |
| Nombre corporativo o de jurisdicción como elemento de entrada | Fundacao Bio-Rio. |
| 9 (RLIN) | 51447 |
| 710 1# - ASIENTO SECUNDARIO - NOMBRE CORPORATIVO | |
| Nombre corporativo o de jurisdicción como elemento de entrada | Brazil. |
| Unidad subordinada | Secretaria de Biodiversidade e Florestas. |
| 9 (RLIN) | 51448 |
| 942 ## - ELEMENTOS ADICIONALES (KOHA) | |
| Sistema de clasificación | Dewey Decimal Classification |
| Tipo de ítem | Libro |
| Withdrawn status | Lost status | Sistema de Clasificación | Damaged status | No para préstamo | Colección | Inventariado | Ubicación Permanente | Ubicación actual | Fecha de adquisición | Fuente de Valor | Valor | Total Checkouts | Número topográfico | Inventario / Código de Barras | Date last seen | Ejemplar | Price effective from | Forma de adquisición | Tipo de material | Public note |
|---|---|---|---|---|---|---|---|---|---|---|---|---|---|---|---|---|---|---|---|---|
| Dewey Decimal Classification | General | Inventariado 2017 | Bogotá | Bogotá | 25/03/2004 | Instituto | 50000.00 | LB-333.75160981 A94a | 015559 | 04/12/2012 | Ej.1 | 04/12/2012 | Libro | |||||||
| Local | General | Inventariado 2017 | Sala Fabio Quevedo | Sala Fabio Quevedo | 09/08/2004 | Instituto | 50000.00 | LB-03500 | 016385 | 04/12/2012 | Ej. 3 | 04/12/2012 | Libro | Avaliacao e acoes prioritárias para a conservacao da biodiversidade das zonas costeira e marinha | ||||||
| Dewey Decimal Classification | General | Inventariado 2017 | Sala Fabio Quevedo | Sala Fabio Quevedo | 09/08/2004 | Instituto | 50000.00 | LB-333.75160981 A94a | 016386 | 04/12/2012 | Ej. 2 | 04/12/2012 | Donación | Libro | ||||||
| Local | General | Villa de Leyva | Villa de Leyva | 25/03/2004 | LB-03500 | 015845 | 04/12/2012 | Ej. 4 | 04/12/2012 | Libro | Avaliacao e acoes prioritárias para a conservacao da biodiversidade das zonas costeira e marinha |